000
00285nam a2200121Ia 4500
005
20251222153522.0
008
251222s9999||||xx |||||||||||||| ||spa||
082
_a
512/R74
100
_a
Rodríguez Cárdenas, Mauro Efraín
245
0
_a
Álgebra:
264
_b
Algoritmo
942
_c
LIB
999
_c
29768
_d
29768